Biggest Trading Partners - New Zealand - Statistics

General Stats
  • This quiz has been taken 609 times
  • The average score is 16 of 19
Answer Stats
exports imports country % Correct
5.85 bil 4.33 bil Australia
100%
6.04 bil 7.15 bil China
99%
4.04 bil 4.31 bil United States
99%
1.17 bil 0.94 bil United Kingdom
97%
2.07 bil 2.39 bil Japan
96%
0.96 bil France
95%
0.57 bil 0.63 bil Indonesia
95%
0.48 bil 1.71 bil Germany
94%
0.47 bil 0.45 bil Canada
92%
1.10 bil 1.35 bil South Korea
92%
0.69 bil Italy
86%
0.66 bil 1.22 bil Malaysia
85%
0.76 bil 1.26 bil Singapore
85%
0.54 bil 1.51 bil Thailand
84%
0.78 bil 0.54 bil Taiwan
81%
0.45 bil Philippines
74%
0.57 bil Netherlands
72%
0.58 bil United Arab Emirates
62%
0.46 bil Qatar
38%
No matching quizzes found
Score Distribution
Percent of People with Each Score
Percentile by Number Answered
Your Score History
You have not taken this quiz